Makroekonomický vývoj slovenskej ekonomiky v transformačnej dekáde

Salvato in:
Dettagli Bibliografici
Autore principale: Holková, Vieroslava
Altri autori: Veselková, Alexandra
Natura: Capitolo di libro
Lingua:slovacco
Tags: Aggiungi Tag
Nessun Tag, puoi essere il primo ad aggiungerne!!

MARC

LEADER 00000naa$a2200000$$$4500
001 0062913
005 20240502071721.2
041 0 |a slo 
044 |a SK 
245 1 0 |a Makroekonomický vývoj slovenskej ekonomiky v transformačnej dekáde  |c Vieroslava Holková, Alexandra Veselková 
100 1 |a Holková, Vieroslava 
700 1 |a Veselková, Alexandra